Mīḷum nir̲aṅkaḷ = (Record no. 199701)

MARC details
000 -LEADER
fixed length control field 01138nam a2200277 i 4500
005 - DATE AND TIME OF LATEST TRANSACTION
control field 20250604123146.0
008 - FIXED-LENGTH DATA ELEMENTS--GENERAL INFORMATION
fixed length control field 250601s2023 ii a br 000 1 tam d
020 ## - INTERNATIONAL STANDARD BOOK NUMBER
International Standard Book Number 9788119063031
Terms of availability RM25.20
Qualifying information paperback
040 ## - CATALOGING SOURCE
Original cataloging agency PPAK
Language of cataloging eng
Transcribing agency PPAK
Description conventions rda
082 04 - DEWEY DECIMAL CLASSIFICATION NUMBER
Edition number 23
Classification number 894.8113
090 00 - LOCALLY ASSIGNED LC-TYPE CALL NUMBER (OCLC); LOCAL CALL NUMBER (RLIN)
Classification number (OCLC) (R) ; Classification number, CALL (RLIN) (NR) 894.8113
Feature heading SUK
Feature heading K
100 1# - MAIN ENTRY--PERSONAL NAME
Personal name Sukumāran, Pi Vi,
Relator term author.
245 10 - TITLE STATEMENT
Linkage 880-02
Title Mīḷum nir̲aṅkaḷ =
Remainder of title Recovering colors /
Statement of responsibility, etc. Authors: Pi Vi Sukumāran ; Translator: Yūmā Vācuki ; Illustrator: K. Chokkalingam
250 ## - EDITION STATEMENT
Edition statement Mutal patippu
264 #1 - PRODUCTION, PUBLICATION, DISTRIBUTION, MANUFACTURE, AND COPYRIGHT NOTICE
Place of production, publication, distribution, manufacture Pārati Puttakālayattin̲ ōr aṅkam, Cen̲n̲ai :
Name of producer, publisher, distributor, manufacturer Iḷaiyōr Ilakkiyam,
Date of production, publication, distribution, manufacture, or copyright notice 2023
300 ## - PHYSICAL DESCRIPTION
Extent 87 pages :
Other physical details illustrations (black and white) ;
Dimensions 22 cm
336 ## - CONTENT TYPE
Content type term text
Source rdacontent
337 ## - MEDIA TYPE
Media type term unmediated
Source rdamedia
338 ## - CARRIER TYPE
Carrier type term volume
Source rdacarrier
650 10 - SUBJECT ADDED ENTRY--TOPICAL TERM
Topical term or geographic name entry element Children's stories
General subdivision Translations into Tamil
Topical term or geographic name entry element Malayalam fiction
General subdivision Translations into Tamil
700 1# - ADDED ENTRY--PERSONAL NAME
Personal name Vācuki, Yūmā,
Relator term translator.
Personal name Chokkalingam, K.,
Relator term illustrator.
880 10 - ALTERNATE GRAPHIC REPRESENTATION
Linkage 245-02/$1
a மீளும் நிறங்கள்
942 ## - ADDED ENTRY ELEMENTS (KOHA)
Source of classification or shelving scheme Dewey Decimal Classification
Koha item type Book
Holdings
Withdrawn Not for loan Current library Shelving location Date acquired Total Checkouts Full call number Barcode Date last seen Koha item type
    Perpustakaan Alor Setar Pinjaman Kanak-kanak 13/07/2025   K 894.8113 SUK A01870892 13/07/2025 Book
    Perpustakaan Awam Sungai Petani Pinjaman Kanak-kanak 13/07/2025   K 894.8113 SUK A01870893 13/07/2025 Book